| 000 | 00575nam a2200205Ia 4500 | ||
|---|---|---|---|
| 005 | 20250508154617.0 | ||
| 008 | 008 250505s9999 xx 000 0 hin d | ||
| 037 | _aBooks to be hide in OPAC | ||
| 040 |
_aFEDL _beng _cFEDL |
||
| 041 |
_ahin _2hin |
||
| 084 |
_a370.15, KUP _qFEDL |
||
| 100 |
_aMalliya Kupuswamy _9765724 |
||
| 245 | 0 | _aManovigan or shiksha | |
| 260 |
_aAllahabad, India _bLokbharti Prakashan _c1966 |
||
| 300 | _a354p | ||
| 365 |
_aINR _b10 |
||
| 650 | _aEducational Psychology | ||
| 942 |
_cHB _h370.15, KUP |
||
| 999 |
_c1351181 _d1351181 |
||